Energy security (Record no. 527747)

000 -LEADER
fixed length control field 01432nam a22001457a 4500
008 - FIXED-LENGTH DATA ELEMENTS--GENERAL INFORMATION
fixed length control field 240920b ||||| |||| 00| 0 eng d
100 ## - MAIN ENTRY--PERSONAL NAME
Personal name Lahiry, S.C.
245 ## - TITLE STATEMENT
Title Energy security
260 ## - PUBLICATION, DISTRIBUTION, ETC. (IMPRINT)
Place of publication, distribution, etc Yojana
300 ## - PHYSICAL DESCRIPTION
Extent 68(9), Sep, 2024: p.41-45
520 ## - SUMMARY, ETC.
Summary, etc As per economic survey 2023-24, India ‘s energy need are expected to growth 2 to 2.5 times by 2047 to meet a growing economy’s developmental priorities and aspirations. Energy security would be enhanced through diversification of the sources of imports and increased domestic production while reducing energy demand. According to ministry of power, 54-5 per cent of India’s power came from thermal scours (like coals, gas and diesel), while 45-5 per cent came from non-fuel sources, which includes 1.8 per cent nuclear power in June 2024. Adopting gasification technology in India can revolutionist sector, reducing reliance on imports of neural gas, ammonia, methanol and other essential precuts while reducing emission. High dependency on imports mainly for petroleum for its energy needs shifts to high import dependency for Solar PV panels and critical minerals whose supply chain is heavily skewed. India needs to target diversified energy sources. Such diversification will help minimise risk associated with energy system while pursuing with low emission path. – Reproduced
773 ## - HOST ITEM ENTRY
Main entry heading Yojana
906 ## - LOCAL DATA ELEMENT F, LDF (RLIN)
Subject DIP ENERGY SECURITY
942 ## - ADDED ENTRY ELEMENTS (KOHA)
Item type Articles
Holdings
Withdrawn status Lost status Source of classification or shelving scheme Damaged status Not for loan Permanent location Current location Date acquired Serial Enumeration / chronology Barcode Date last seen Koha item type
          Indian Institute of Public Administration Indian Institute of Public Administration 2024-09-20 68(9), Sep, 2024: p.41-45 AR133181 2024-09-20 Articles

Powered by Koha